Catálogo público

La problemática de las heladas tardías y su control en la producción de manzana en el noroeste del estado de Chihuahua (Record no. 64554)

MARC details
000 -CABECERA
campo de control de longitud fija 00935cam a22002657a 4500
005 - FECHA Y HORA DE LA ÚLTIMA TRANSACCIÓN
campo de control 20220329141221.0
008 - DATOS DE LONGITUD FIJA--INFORMACIÓN GENERAL
campo de control de longitud fija 971010s1986 r 00010 d
010 ## - NÚMERO DE CONTROL DE LA BIBLIOTECA DEL CONGRESO
Número de control de LC 64554
011 ## - ENLACE DEL NUMERO DE CONTROL DE LA BIBLIOTECA DEL CONGRESO [OBSOLETO]
Número de control de LC 65526
035 ## - NÚMERO DE CONTROL DEL SISTEMA
Número de control de sistema 72415
090 ## - LOCALMENTE ASIGNADO TIPO-LC NÚMERO DE CLASIFICACIÓN (OCLC); NÚMERO DE CLASIFICACIÓN LOCAL (RLIN)
Número de clasificación (OCLC) (R) ; Numero de clasificación, CALL (RLIN) (NR) Tesis
100 00 - ENTRADA PRINCIPAL--NOMBRE DE PERSONA
Nombre de persona Madrid Alvarez, Guillermo.
9 (RLIN) 69696
245 13 - MENCIÓN DE TÍTULO
Título La problemática de las heladas tardías y su control en la producción de manzana en el noroeste del estado de Chihuahua
260 ## - PUBLICACIÓN, DISTRIBUCIÓN, ETC.
Lugar de publicación, distribución, etc. Chihuahua, Chih. :
Nombre del editor, distribuidor, etc. El autor,
Fecha de publicación, distribución, etc. 1986
300 ## - DESCRIPCIÓN FÍSICA
Extensión 58 h.
500 ## - NOTA GENERAL
Nota general D97-181
502 ## - NOTA DE TESIS
Nota de tesis Tesis (Ing. Agr. Esp. en Zonas Aridas) -- UACH. Departamento de Zonas Aridas
590 ## - NOTA LOCAL (RLIN)
Nota local ALEPH
Procedencia (VM) [OBSOLETO] 10
Condición del los carretes individuales (VM) [OBSOLETO] 20130110
-- UCH01
-- 1353
590 ## - NOTA LOCAL (RLIN)
Nota local BATCH-UPD
Procedencia (VM) [OBSOLETO] 10
Condición del los carretes individuales (VM) [OBSOLETO] 20130110
-- UCH01
-- 0406
590 ## - NOTA LOCAL (RLIN)
Nota local CONVERSION
Procedencia (VM) [OBSOLETO] 10
Condición del los carretes individuales (VM) [OBSOLETO] 20130109
-- UCH01
-- 1335
650 14 - PUNTO DE ACCESO ADICIONAL DE MATERIA--TÉRMINO DE MATERIA
Término de materia o nombre geográfico como elemento de entrada Heladas
Subdivisión general Efecto en manzana.
9 (RLIN) 53399
650 14 - PUNTO DE ACCESO ADICIONAL DE MATERIA--TÉRMINO DE MATERIA
Término de materia o nombre geográfico como elemento de entrada Manzana
Subdivisión general Efecto del medio ambiente.
9 (RLIN) 70760
901 ## - ELEMENTOS DE DATOS A LOCAL LDA (RLIN)
a BK
949 ## - PROCESAMIENTO DE INFORMACIÓN LOCAL (OCLC)
b ZA
c TES
d -5120
e TS1
i 72415
s i

No items available.